000 00641nam a2200229Ia 4500
003 OSt
005 20220923220438.0
006 a|||||r|||| 00| 0
007 ta
008 220922b |||||||| |||| 00| 0 hin d
024 _a186,705
037 _cTextual
040 _aARTS
_cARTS
_bhin
041 _2hin
_ahin
082 _aX, 152L32
100 _aसिन्हा, वी सी
245 0 _aव्यष्टिगत अर्थशास्त्र
246 _aVyaṣhṭigat arthashāstra
260 _c1973
942 _hX, 152L32
_cTEXL
_2CC
999 _c339948
_d339948